000
00318nam a2200133 a 4500
001
5040
003
CDMR
005
20130116135303.0
008
130130s1990||||||||||||||||||||||||||||d
040
_a
CDMR
_b
cat
_c
CDMR
245
3
_a
La inversión publicitaria en España 1989
260
_c
1990
_b
Walter Thompson
942
_c
MON
999
_c
5040
_d
5040